01024nam a2200265 a 450000100060000000300080000600500170001400800410003103500190007204000230009104100110011408200250012510000580015024501410020826000320034930000210038150000670040250400510046965000250052065000400054565000230058594200120060899900170062095201210063758596BD-RjUL20211209080635.0161219s1979 ru b 001 0 eng  a(BD-RjUL)58720 aDLCcDLCdEQObeng1 aengrus a303.49223bSHD 19791 aShakhnazarov, G. Kh.q(Georgiĭ Khosroevich)917412314aThe destiny of the world :bthe socialist shape of things to come /cG. Shakhnazarov ; [translated from the Russian by Vic Schneierson]. aMoscow :bProgress,cc1979. a333 p. ;c21 cm. aTranslation of Sot͡sialisticheskai͡a sudʹba chelovechestva. aIncludes bibliographical references and index. 0aForecasting.9174124 0aCivilization, Moderny1950-9171826 0aSocialism.9172186 2ddccBK c58596d58596 00102ddc40718NFICaRUCLbRUCLcReadingd1989-08-05l0o303.49 SHD 1979r2016-12-19 00:00:00tC-1w2016-12-19yBK